| 000 | 00678nam a2200205Ia 4500 | ||
|---|---|---|---|
| 003 | GCL | ||
| 008 | 140319s9999 xx 000 0 ara d | ||
| 040 |
_aGCL / _cGCL |
||
| 082 | 0 | 4 |
_a301.2 _bا و |
| 100 | 1 | _aوزارة الثقافة, الادارة العامة | |
| 245 | 1 | 0 |
_aاطلس الخدمات الثقافية / _cوزارة الثقافة, الادارة العامة |
| 260 |
_aالقاهرة : _bوزارة الثقافة ، _c1993 |
||
| 300 |
_aمتعدد ؛ _c32 سم |
||
| 490 | _a | ||
| 650 | 0 | 4 | _aالثقافة |
| 650 | 0 | 4 | _aالخدمات |
| 650 | 0 | 4 | _aالثقافة العلمية |
| 650 | 0 | 4 | _aالثقافة - احصائيات |
| 942 |
_2ddc _cBK |
||
| 999 |
_c37927 _d37927 |
||